000 00649nam a2200193 4500
001 136695
003 ES-MaACL
005 20231228062701.0
007 t|
008 070214s1959 sp r ||||1| spa d
100 1 _aSala de Pablo, J.
_9101661
245 1 0 _aSuprarrenales bajo el punto de vista quirúrgico /
_cpor J. Sala de Pablo ; prólogo del doctor D. Gregorio Marañón.
250 _a1ª ed.
260 _aSoria :
_b[s. n.],
_c1959 (
_fTip. de la Casa de Observación)
300 _aXXVII, 315 p. :
_bil. ;
_c25 cm.
700 1 _aMarañón, Gregorio,
_d1887-1960
_976311
852 _aES-MaACL
_jC-17615
_bR.45661
999 _c136695
_d136695